Путеводитель по журналу "Радио" 1973 - 1979 гг.: краткий аннотированный библиографический указатель статей, опубликованных в 1973 - 1979 гг.

Dades bibliogràfiques
Altres autors: Борноволоков Э. П. (составитель), Мстиславский А. Л., Матлин С. Л., Фролов В. В.
Idioma:rus
Publicat: Москва, ДОСААФ СССР, 1980
Matèries:
Format: Llibre
KOHA link:https://koha.lib.tpu.ru/cgi-bin/koha/opac-detail.pl?biblionumber=102363

MARC

LEADER 00000nam0a2200000 4500
001 102363
005 20231031112952.0
035 |a (RuTPU)RU\TPU\book\110381 
090 |a 102363 
100 |a 20060922d1980 m y0rusy50 ca 
101 0 |a rus 
102 |a RU 
105 |a y a 000zy 
200 1 |a Путеводитель по журналу "Радио" 1973 - 1979 гг.  |e краткий аннотированный библиографический указатель статей, опубликованных в 1973 - 1979 гг.  |f сост. Э. П. Борноволоков, А. Л. Мстиславский, С. Л. Матлин, В. В. Фролов 
210 |a Москва  |c ДОСААФ СССР  |d 1980 
215 |a 272 с. 
610 1 |a периодические издания 
610 1 |a журналы 
610 1 |a Радио 
610 1 |a статьи 
610 1 |a путеводители 
610 1 |a библиографические указатели 
675 |a 621.396  |v 3 
675 |a 621.396(01)  |v 3 
686 |a Я19  |v LBC/SL-A  |2 rubbk 
702 1 |a Борноволоков  |b Э. П.  |4 220 
702 1 |a Мстиславский  |b А. Л.  |4 220 
702 1 |a Матлин  |b С. Л.  |4 220 
702 1 |a Фролов  |b В. В.  |4 220 
801 1 |a RU  |b 63413507  |c 20060922  |g PSBO 
801 2 |a RU  |b 63413507  |c 20111020  |g RCR 
942 |c BK